Sports Quiz

Random Sports or Tennis Quiz

Year End Top 10 Men's Tennis Players of the 2000s Quiz Stats

 Plays Quiz not verified by Sporcle

Support Sporcle.
Go Orange.
Score 0/100 Timer 10:00
0 Plays Today
% Correct
2000Pete Sampras
98.7%
2000Andre Agassi
98.7%
2001Andre Agassi
98.7%
2001Pete Sampras
98.7%
2002Andre Agassi
98.7%
2002Roger Federer
98.7%
2003Roger Federer
98.7%
2003Andre Agassi
98.7%
2004Roger Federer
98.7%
2004Andre Agassi
98.7%
2005Roger Federer
98.7%
2005Rafael Nadal
98.7%
2005Andre Agassi
98.7%
2006Roger Federer
98.7%
2006Rafael Nadal
98.7%
2007Roger Federer
98.7%
2007Rafael Nadal
98.7%
2008Rafael Nadal
98.7%
2008Roger Federer
98.7%
2009Roger Federer
98.7%
2009Rafael Nadal
98.7%
2002Andy Roddick
98%
2003Andy Roddick
98%
2004Andy Roddick
98%
2005Andy Roddick
98%
2006Andy Roddick
98%
2007Novak Djokovic
98%
2007Andy Roddick
98%
2008Novak Djokovic
98%
2008Andy Roddick
98%
2009Novak Djokovic
98%
2009Andy Roddick
98%
2000Lleyton Hewitt
97.3%
2001Lleyton Hewitt
97.3%
% Correct
2002Lleyton Hewitt
97.3%
2004Lleyton Hewitt
97.3%
2005Lleyton Hewitt
97.3%
2008Andy Murray
97.3%
2009Andy Murray
97.3%
2007David Ferrer
96%
2000Marat Safin
95.3%
2002Marat Safin
95.3%
2004Marat Safin
95.3%
2000Gustavo Kuerten
94.7%
2001Gustavo Kuerten
94.7%
2008Juan Martin Del Potro
94.7%
2009Juan Martin Del Potro
94.7%
2008Jo-Wilfried Tsonga
91.3%
2009Jo-Wilfried Tsonga
91.3%
2000Tim Henman
90.7%
2001Tim Henman
90.7%
2002Tim Henman
90.7%
2004Tim Henman
90.7%
2009Robin Soderling
89.3%
2005Nicolay Davydenko
88%
2006Nicolay Davydenko
88%
2007Nicolay Davydenko
88%
2008Nicolay Davydenko
88%
2009Nicolay Davydenko
88%
2001Juan Carlos Ferrero
87.3%
2002Juan Carlos Ferrero
87.3%
2003Juan Carlos Ferrero
87.3%
2003David Nalbandian
86%
2004David Nalbandian
86%
2005David Nalbandian
86%
2006David Nalbandian
86%
2007David Nalbandian
86%
2000Yevgeny Kafelnikov
84%
% Correct
2001Yevgeny Kafelnikov
84%
2006Fernando Gonzalez
83.3%
2007Fernando Gonzalez
83.3%
2002Carlos Moya
82%
2003Carlos Moya
82%
2004Carlos Moya
82%
2007Richard Gasquet
82%
2005Gaston Gaudio
80.7%
2004Gaston Gaudio
80.7%
2001Patrick Rafter
80%
2003Guillermo Coria
79.3%
2004Guillermo Coria
79.3%
2005Guillermo Coria
79.3%
2008Gilles Simon
79.3%
2006James Blake
78.7%
2008James Blake
78.7%
2009Fernando Verdasco
78.7%
2001Tommy Haas
78%
2005Ivan Ljubicic
74.7%
2006Ivan Ljubicic
74.7%
2001Sebastian Grosjean
73.3%
2003Sebastian Grosjean
73.3%
2002Albert Costa
70.7%
2006Mario Ancic
70.7%
2000Alex Corretja
68.7%
2006Tommy Robredo
68.7%
2007Tommy Robredo
68.7%
2000Thomas Enqvist
68%
2000Magnus Norman
67.3%
2003Mark Philippoussis
67.3%
2003Rainer Schuttler
62.7%
2002Jiri Novak
57.3%

You're not logged in!

Compare scores with friends on all Sporcle quizzes.
OR
Log In

From the Vault

Sporcle Speed-Picking IV

by BillyJoelRulez

You can pick your friends and you can pick your quizzes, but you can't pick for friends' quizzes.
Remove Ads.
Support Sporcle.
Get the best of Sporcle when you Go Orange. This ad-free experience offers more features, more stats, and more fun while also helping to support Sporcle. Thank you for becoming a member.

Show Comments

Extras

Top Quizzes Today


Score Distribution

Your Account Isn't Verified!

In order to create a playlist on Sporcle, you need to verify the email address you used during registration. Go to your Sporcle Settings to finish the process.

Report this User

Report this user for behavior that violates our Community Guidelines.

Details: